LEADER 01523nam a2200385 u 4500 001 000000043620 003 CaOOAMICUS 005 20070226114446.0 008 990408s1988 it u000 u ita u 020 $a8835931649 035 $a10819392 040 $aPUL(R)$bita 041 1 $aita$hfre 100 1 $aTouraine, Alain.$0(OLS)http://pul/name/31895 240 10$aRetour de l'acteur : essai de sociologie.$lItaliano.$0(OLS)http://pul/title/58828 245 13$aIl ritorno dell'attore sociale /$cAlain Touraine ; introduzione di Paolo Ceri. 260 $aRoma :$bEditori Riuniti,$cc1988. 300 $a242 p. ;$c22 cm 490 1 $aNuova biblioteca di cultura ;$v290 500 $aContiene indici. 504 $aBibliografia in nota. 650 4$aSociologia.$0(OLS)http://pul/subject/2611 700 1 $aCeri, Paolo.$0(OLS)http://pul/name/31896 830 0$aNuova biblioteca di cultura (Editori Riuniti) ;$v290.$0(OLS)http://pul/title/58830 850 $aPUL 852 $aPUL$W1$xDP1 Cons. Gen., Altre Classi 1$y22$m43 A 55$j58767$nBK-PRI$b $qStampati$B58767$CPULBib$Z2$F58767 $H $81 941 1 $a8 960 $aSociology$92611 960 $aSociology$92611 960 $aScienze sociali$92611 960 $aScienze sociali$92611 961 $aINV: 60542 996 $6020$a8835931649$9(OLS)http://pul/number/54401 996 $6245$aIl ritorno dell'attore sociale$9(OLS)http://pul/title/58829 996 $6260$aRoma :$bEditori Riuniti$9(OLS)http://pul/publisher/54152 LEADER 01787nam a2200385 a 4500 001 000000070994 003 CaOOAMICUS 005 20131204141009.0 008 020517s2002 it u000 u ita r 020 $a8831131648 035 $a10930314 040 $aIPA$bita 041 1 $aita$hlat 100 0 $aAmbrosius,$cs., vesc. di Milano,$dc. 340-397.$0(OLS)http://pul/name/983 240 10$aExameron.$lItaliano.$0(OLS)http://pul/title/173048 245 10$aEsamerone /$cAmbrogio ; introduzione, traduzione e note a cura di Gabriele Banterle. 260 $aRoma :$bCittà Nuova,$c2002. 300 $a334 p. ;$c21 cm 490 1 $aCollana di testi patristici ;$v164 500 $a"Il presente volume riproduce il testo rivisto e corretto della II edizione 1996 pubblicato nella collana Opera omnia di s. Ambrogio di Città Nuova Editrice" (p. 4) 500 $aComprende riferimenti bibliografici (p. 17-18) e indice. 700 1 $aBanterle, Gabriele.$0(OLS)http://pul/name/3254 830 0$aCollana di testi patristici ;$v164.$0(OLS)http://pul/title/17027 850 $aPUL 852 $aPUL$W1$xSL Cons. Gen., Altre Classi 1$y1$m2000 E 164$j91859$nBK-PRI$b $qStampati$B91859$CPULBib$Z2$F91859 $HPUL100488 $81 852 $aPUL$W1$xDP1 Fondo E. Rossi$y115$m2 G 5$j157441$a2. copia$qFondi$B156911$CPULBib$Z2$F156911 $82 900 $aAmbrogio,$cs., vescovo di Milano$dc. 340-397$9983 900 $aAmbrosius,$cMediolanensis,$dc. 340-397$9983 941 1 $a8 941 1 $a1 961 $aSul dorso collocazione ms. di E. Rossi: CL 2 1 996 $6020$a8831131648$9(OLS)http://pul/number/91792 996 $6245$aEsamerone$9(OLS)http://pul/title/93513 996 $6260$aRoma :$bCittà Nuova$9(OLS)http://pul/publisher/47927